L'AVENTURE SAINT = SIMONIENNE ET LES FEMMES / (Record no. 19228)
[ view plain ]
| 000 -الفاتح | |
|---|---|
| حقل البيانات ثابتة الطول | 00469nam a2200169Ia 4500 |
| 008 - عناصر البيانات ثابتة الطول - معلومات عامة | |
| حقل البيانات ثابتة الطول | 140319s9999 xx 000 0 eng d |
| 040 ## - مصدر الفهرسة | |
| وكالة الفهرسة الأصلية | GCL / |
| وكالة النسخ | GCL |
| 082 04 - رقم تصنيف ديوى العشرى | |
| رقم التصنيف | 335.2 |
| رقم المادة | D L |
| 100 1# - المدخل الرئيسى - إسم شخصى | |
| الإسم الشخصى | D'IVRAY, JEHAN |
| 245 10 - بيان العنوان | |
| العنوان | L'AVENTURE SAINT = SIMONIENNE ET LES FEMMES / |
| بيان المسئوليه,etc | D'IVRAY, JEHAN |
| 260 ## - PUBLICATION, DISTRIBUTION, ETC. (IMPRINT) | |
| تاريخ النشر أو التوزيع | 1930 |
| 300 ## - الوصف المادى | |
| التعداد | 227 P: |
| تفاصيل ماديه اخرى للوعاء | ILL ؛ |
| أبعاد الوعاء | 30 cm. |
| 650 04 - المدخل الاضافى بالموضوع-مصطلح موضوعى | |
| مصطلح موضوعي | SOCIOLOGY |
| 650 04 - المدخل الاضافى بالموضوع-مصطلح موضوعى | |
| مصطلح موضوعي | EMIGRATION |
| 942 ## - عناصر المدخل الإضافي( كوها) | |
| مصدر التصنيف او مخطط الترفيف | Dewey Decimal Classification |
| Koha [default] item type | كتاب |
| 260 ## - PUBLICATION, DISTRIBUTION, ETC. (IMPRINT) | |
| -- | فرنسا : |
| -- | LIBRAIRIE FELIX ALCAN ، |
| حالة التراجع | حالة الفقد | حالة تلف | ليس للاعارة | المكان المؤقت | الموقع الحالى | تاريخ الاكتساب | اجمالي اﻻعارات | رقم الطلب | الباركود | تاريخ اخر مشاهدة | تاريخ تفعيل السعر | نوع وعاء كوها |
|---|---|---|---|---|---|---|---|---|---|---|---|---|
| مكتبة القاهرة الكبرى | مكتبة القاهرة الكبرى | 03/26/2014 | 335.2\D L | 36784 | 03/26/2014 | 03/26/2014 | كتاب | |||||
| مكتبة القاهرة الكبرى | مكتبة القاهرة الكبرى | 03/26/2014 | 335.2\D L | 36785 | 03/26/2014 | 03/26/2014 | كتاب |

